[Event "Villalba op 1st"]
[Site "Villalba"]
[Date "2013.08.02"]
[Round "7.31"]
[White "Ortega Morales, Pedro"]
[Black "Lopez Rodriguez, Alvaro"]
[Result "1/2-1/2"]
[WhiteElo "1864"]
[BlackElo "1532"]
[PlyCount "58"]
[EventDate "2013.07.27"]
[EventType "swiss"]
[EventRounds "9"]
[EventCountry "ESP"]
[SourceTitle "EXT 2024"]
[Source "ChessBase"]
[SourceDate "2023.10.10"]
[SourceVersion "1"]
[SourceVersionDate "2023.10.10"]
[SourceQuality "1"]

1. d4 Nf6 2. Bf4 c5 3. e3 cxd4 4. exd4 d5 5. c3 Nc6 6. Nf3 Bg4 7. Nbd2 Nh5 8. Be3 Qc7 9. h3 Bd7 10. Bd3 e5 11. dxe5 Nxe5 12. Nxe5 Qxe5 13. Nf3 Qc7 14. Rc1 Nf4 15. Bf1 Bd6 16. g3 Ne6 17. Bg2 Bb5 18. a4 Ba6 19. Nd4 Bxg3 20. Bxd5 Nf4 21. Be4 Bh4 22. Qg4 Ng6 23. Rd1 Bf6 24. Bxg6 hxg6 25. Qe4+ Qe7 26. Qxe7+ Bxe7 27. Nb5 Bxb5 28. axb5 a5 29. bxa6 Rxa6 1/2-1/2